000 00728nam0a22002411 4500
001 rc\4216805
005 20250611140838.0
021 _aRU
_b[63-102013]
035 _a(NLR Aleph) 008220539
090 _a8153191
_c8153191
100 _a20130416d1963 |||y0rusy50 ca
101 1 _arus
_curd
102 _aRU
105 _aa z |||a|
200 1 _aЧетыре сердца - четыре дороги
_e[Повесть
_eПер. с урду]
210 _aМосква
_cИзд-во иностр. лит.
_d1963
215 _a107 с.
_cил.
_d20
700 1 _aАббас
_bХ.А.
_f1914-1987
_gХоджа Ахмад
801 0 _aRU
_bNLR
_gpsbo
801 1 _aRU
_bELAR
_2rusmarc
852 _aNLR
_j64-3/562
942 _cBOOK
980 _aNB